Moment based feature descriptors for image quality variations and their fast computation /
محفوظ في:
| المؤلف الرئيسي: | |
|---|---|
| التنسيق: | أطروحة كتاب |
| اللغة: | English |
| منشور في: |
2007.
|
| الموضوعات: | |
| الوسوم: |
إضافة وسم
لا توجد وسوم, كن أول من يضع وسما على هذه التسجيلة!
|
| LEADER | 01037cam a2200253 a 4500 | ||
|---|---|---|---|
| 001 | u746265 | ||
| 003 | SIRSI | ||
| 005 | 200709281016 | ||
| 008 | 070928s2007 my a t 000 0 eng m | ||
| 040 | |a UMM |d UMJ | ||
| 090 | |a TK7 |b UMP 2007 Wee | ||
| 097 | |a TK7 |b UMP 2007 Wee | ||
| 100 | 1 | |a Wee, Chong Yaw. | |
| 245 | 1 | 0 | |a Moment based feature descriptors for image quality variations and their fast computation / |c Wee Chong Yaw. |
| 260 | |c 2007. | ||
| 300 | |a xix, 211 leaves : |b ill. (some col.) ; |c 30 cm. | ||
| 502 | |a Thesis (Ph.D.) -- Jabatan Kejuruteraan Elektrik, Fakulti Kejuruteraan, Universiti Malaya, 2007. | ||
| 596 | |a 1 7 | ||
| 504 | |a Bibliography: leaves 190-211. | ||
| 650 | 0 | |a Image processing |x Mathematical models. | |
| 710 | 2 | |a Universiti Malaya. |b Jabatan Kejuruteraan Elektrik. | |
| 900 | |a SK | ||
| 999 | |a TK7 UMP 2007 WEE |w LC |c 1 |i A513131345 |d 5/10/2007 |f 5/10/2007 |g 1 |l STACKS |m P01UTAMA |r Y |s Y |t TESIS |u 4/10/2007 | ||
| 999 | |a TK7 UMP 2007 WEE |w LC |c 1 |i A513003519 |d 18/8/2008 |f 18/8/2008 |g 2 |l STACKS |m P07JURUTER |r Y |s Y |t TESIS |u 14/8/2008 | ||
